000 00526nam a2200181Ia 4500
008 240729s9999 xx 000 0 und d
022 _a2069-6086
245 0 _aRomanian Journal of Rheumatology
260 _aRomania
260 _bAmaltea Medical Publishing House
650 _a Immunologic diseases. Allergy
650 _a Internal medicine
650 _a Specialties of internal medicine
650 _aMedicine
856 _uhttps://doaj.org/toc/d5569f2f5372425791b2b9c39833d01a
942 _2ddc
942 _cDOAJEJ
999 _c74571
_d74571
945 _a1
_bMadushi Gamage
_c1
_dMadushi Gamage